000 00806nam a22003010a 4500
001 PT58312
003 AR-LpoUNG
005 20210131231849.0
008 191001s2016||||ag |||||||||||||||||spa d
020 _a9789504646471
_c$9
040 _aAR-LpoUNG
_bspa
_cAR-LpoUNG
_eaacr
041 _aspa
044 _aag
082 0 _a808.068 3 491cue
100 1 _aDevetach, Laura
245 1 3 _aUn cuento ­puajjj! y otros relatos
250 _a1ra. ed.
260 _aBuenos Aires :
_bSantillana,
_c2016.
300 _a52 p. :
_bil.
505 0 _aSugerido a partir de 6 años (etiqueta AMARILLA)
650 4 _aCUENTOS
650 4 _aLITERATURA
651 4 _aDOCUMENTOS TEORICOS O METODOLOGICOS
653 _aLITERATURA INFANTIL
700 1 _aBrajer, Nancy
_eil.
905 _a58312
942 _cLIB
999 _c12291
_d12291